Southville International School and Colleges
Your cart is empty.
  • Cart
  • Lists
    Public lists Eva Luna New books Lux_list list_1
    Your lists Log in to create your own lists
  • Log in to your account
  • Your cookies
  • Search history
Southville International School and Colleges
  • Advanced search
  • Recent comments
  • Most popular
  • Libraries

Log in to your account

Log in with GOOGLE


If you do not have an external account, but do have a local account, you can still log in:

  1. Home
  2. MARC view: Adventures in cartooning :
Normal view MARC view ISBD view

Adventures in cartooning : (Record no. 358305)

[ view plain ]
MARC details
000 -LEADER
fixed length control field 00744nam a2200277Ia 4500
008 - FIXED-LENGTH DATA ELEMENTS--GENERAL INFORMATION
fixed length control field 180803s9999 xx 000 0 und d
020 ## - INTERNATIONAL STANDARD BOOK NUMBER
International Standard Book Number 9780545522076
050 ## - LIBRARY OF CONGRESS CALL NUMBER
Item number S936 2012
100 ## - MAIN ENTRY--PERSONAL NAME
Personal name Sturm, James
245 #0 - TITLE STATEMENT
Title Adventures in cartooning :
245 #0 - TITLE STATEMENT
Remainder of title christmas special! /
245 #0 - TITLE STATEMENT
Statement of responsibility, etc by James Sturn, Andrew Arnold and Alexis Frederick-Frost.
260 ## - PUBLICATION, DISTRIBUTION, ETC. (IMPRINT)
Place of publication, distribution, etc Broadway, New York :
260 ## - PUBLICATION, DISTRIBUTION, ETC. (IMPRINT)
Name of publisher, distributor, etc Scholastic,
260 ## - PUBLICATION, DISTRIBUTION, ETC. (IMPRINT)
Date of publication, distribution, etc 2012
300 ## - PHYSICAL DESCRIPTION
Extent 59 pages :
300 ## - PHYSICAL DESCRIPTION
Other physical details colored ;
300 ## - PHYSICAL DESCRIPTION
Dimensions 19cm.
650 ## - SUBJECT ADDED ENTRY--TOPICAL TERM
Topical term or geographic name as entry element Cartoons and comics --
650 ## - SUBJECT ADDED ENTRY--TOPICAL TERM
Topical term or geographic name as entry element Comic books, strips, etc. --
650 ## - SUBJECT ADDED ENTRY--TOPICAL TERM
General subdivision Technique.
650 ## - SUBJECT ADDED ENTRY--TOPICAL TERM
General subdivision Technique.
700 ## - ADDED ENTRY--PERSONAL NAME
Personal name Arnold, Andrew.
700 ## - ADDED ENTRY--PERSONAL NAME
Personal name Frederick-Frost, Alexis.
700 ## - ADDED ENTRY--PERSONAL NAME
Personal name Title.
Holdings
Withdrawn status Lost status Damaged status Home library Current library Shelving location Date acquired Cost, normal purchase price Total Checkouts Full call number Barcode Date last seen Price effective from Koha item type
      Stonyhurst Southville International School (Malarayat) Stonyhurst Southville International School (Malarayat)   08/03/2018 0.00   ER S936 2012 SSISM5583 08/03/2018 08/03/2018 Books

Adventures in cartooning :

APA

Sturm J., Arnold A., Frederick-Frost A. & Title.Adventures in cartooning. Broadway, New York: .

Chicago

Sturm James, Arnold Andrew, Frederick-Frost Alexis and Title.Adventures in cartooning. Broadway, New York: .

Harvard

Sturm J., Arnold A., Frederick-Frost A. and Title.Adventures in cartooning. Broadway, New York: .

MLA

Sturm James, Arnold Andrew, Frederick-Frost Alexis and Title.Broadway, New York: . .

  • Place hold
  • Print
  • Cite
  • Add to your cart (remove)
  • Save record
    BIBTEX Dublin Core MARCXML MARC (non-Unicode/MARC-8) MARC (Unicode/UTF-8) MARC (Unicode/UTF-8, Standard) MODS (XML) RIS
  • More searches
    Search for this title in:
    Other Libraries (WorldCat) Other Databases (Google Scholar) Online Stores (Bookfinder.com) Open Library (openlibrary.org)

Exporting to Dublin Core...

SOUTHVILLE LIBRARY

Southville International School and Colleges Library

1281 Tropical Ave. Cor. Luxembourg St., BF Homes International, Las Pinas City

Tel. No. 8256374 / 252358 Loc. 117/146

Powered by Koha